00346nam a22001337a 4500003000400000008004100004020001800045082001200063100002300075245005700098250001100155260003700166300000900203OSt260324b |||||||| |||| 00| 0 eng d a9798885750455 a510 HAM aHALAI,Chandrahas M aMeru Prastaar The wonder World of Indian Mathematics a1st Ed aGurugrambGaruda Prakashanc2022 a227p